| 000 | 00920cab a22002175a 4500 | ||
|---|---|---|---|
| 001 | L154558 | ||
| 008 | 111222e20111118xxk 000 0 eng d | ||
| 035 | _a(Sirsi) u154558 | ||
| 041 | 0 | _aeng | |
| 100 | 1 | _aSeales, Rebecca | |
| 245 | 0 | 0 |
_aNovember contracts up 9% _bbusiness barometer |
| 260 | _c2011 | ||
| 490 |
_aBuilding _v276 (8708) 12 December 2011, 18-19(2) |
||
| 520 | _aOverview; tables of top contractors including and excluding civils for November 2011; yearly work won including and excluding civils October 2010-November 2011; top architects and top quantity surveyors October 2010 to November 2011 using information from Barbour ABI. Looks at commercial developments, the CPA/Barbour ABI Index, and the Private Housing Index. | ||
| 590 | _aKA | ||
| 651 | 4 |
_aUnited Kingdom _y |
|
| 690 | _aBUILT ENVIRONMENT-CONSTRUCTION MARKET | ||
| 700 | 1 | _aGreen, Brian | |
| 700 | 1 | _aForrest, Kelly | |
| 942 | _n0 | ||
| 999 |
_c83664 _d83664 |
||